| 000 | 00632cam a22002171 4500 | ||
|---|---|---|---|
| 001 | 000019578 | ||
| 005 | 20200929170050.0 | ||
| 008 | 751208s1957 sp 000 0 spa | ||
| 010 | _a67120896 | ||
| 035 | _a(OCoLC)1881001 | ||
| 040 |
_aDO-SdBNP _cFMU _dFM _dDLC |
||
| 042 | _apremarc | ||
| 050 | 0 | 0 |
_aPQ6623.A816 _bP75 1957 |
| 100 | 0 |
_aAzorin, _d1873-1967 _95278 |
|
| 245 | 1 | 0 |
_aPueblo; : _bnovela de los que trabajan y sufren / _c[por] Azorin. |
| 250 | _a2. ed. | ||
| 260 |
_a[Madrid] : _bEspasa-Calpe, _c[1957]. |
||
| 300 |
_a153 p. ; _c18 cm. |
||
| 490 | 0 |
_aColeccion austral, _vno. 910 |
|
| 910 | _aCatalogación derivada / LC | ||
| 999 |
_c19094 _d19094 |
||